A midsummer night's dream

Gardado en:
Detalles Bibliográficos
Autor Principal: Shakespeare, William (Author)
Formato: Libro
Idioma:inglés
Publicado: Londres Penguin Books 1967
Series:New Penguin Shakespeare
Subjects:
Tags: Engadir etiqueta
Sen Etiquetas, Sexa o primeiro en etiquetar este rexistro!

MARC

LEADER 00000nam a2200000 a 4500
001 UCQ0474
003 CL-VaPUC
008 980627e19670000UK |||||||||||||||||eng|d
082 0 4 |a 822  |b SHA  |2 21 
100 |a Shakespeare, William  |e author  |9 265757 
245 1 2 |a A midsummer night's dream 
300 |a 170 p 
942 |c BK 
945 |d 19980627 00:00:00  |a lriquelm 
260 |a Londres  |b Penguin Books  |c 1967 
650 0 |a Dramas ingleses  |9 269396 
650 0 |a Literatura inglesa  |9 312907 
583 |a last modification  |c 20130317 01:29:03  |k Rodrigo Vera 
490 0 |a New Penguin Shakespeare 
999 |c 271603  |d 271601 
952 |0 0  |1 0  |4 0  |6 822_000000000000000_SHA_1967  |7 0  |8 A  |9 306301  |a BIBEDU  |b BIBEDU  |d 2019-11-20  |i 1425250  |o 822 SHA 1967  |p 1425250  |r 2019-11-20  |w 2019-11-20  |y BK  |k LIT